Nuggets of wisdom (Record no. 4680)

MARC details
000 -LEADER
fixed length control field 00478nam a22001697a 4500
003 - CONTROL NUMBER IDENTIFIER
control field OSt
005 - DATE AND TIME OF LATEST TRANSACTION
control field 20251024010617.0
008 - FIXED-LENGTH DATA ELEMENTS--GENERAL INFORMATION
fixed length control field 251007b |||||||| |||| 00| 0 eng d
020 ## - INTERNATIONAL STANDARD BOOK NUMBER
International Standard Book Number 971-581-157-4.
040 ## - CATALOGING SOURCE
Original cataloging agency DWCL-Main lib
Transcribing agency OC
082 ## - DEWEY DECIMAL CLASSIFICATION NUMBER
Classification number R. 080 N968 2005
245 ## - TITLE STATEMENT
Title Nuggets of wisdom
260 ## - PUBLICATION, DISTRIBUTION, ETC.
Place of publication, distribution, etc. Caloocan City :
Name of publisher, distributor, etc. Philippine Pub. House,
Date of publication, distribution, etc. c2005.
300 ## - PHYSICAL DESCRIPTION
Extent 175 pages :
Other physical details colored illustration ;
Dimensions 25 cm
650 ## - SUBJECT ADDED ENTRY--TOPICAL TERM
Source of heading or term 1. Quotations.
942 ## - ADDED ENTRY ELEMENTS (KOHA)
Source of classification or shelving scheme Dewey Decimal Classification
Koha item type Book- Reserved
Call number prefix R.
Suppress in OPAC No
952 ## - LOCATION AND ITEM INFORMATION (KOHA)
--
Holdings
Withdrawn status Lost status Source of classification or shelving scheme Damaged status Not for loan Home library Current library Shelving location Date acquired Cost, normal purchase price Total Checkouts Full call number Barcode Date last seen Copy number Price effective from Koha item type Uniform Resource Identifier
    Dewey Decimal Classification     College Library College Library Reserved 02/24/2009 0.00   R. 080 N968 2005 46494 10/07/2025 c1 10/07/2025 BK-0 CIRC